Теоретическое и экспериментальное исследование рабочих процесов пневмодвигателей типа ПРД: Диссертация на соискание ученой степени кандидата технических наук

গ্রন্থ-পঞ্জীর বিবরন
প্রধান লেখক: Кутузов В. А.
সংস্থা লেখক: Институт горной механики и технической кибернетики им. М. М. Федорова
অন্যান্য লেখক: Попов Ю. Н. (научный руководитель)
ভাষা:রুশ
প্রকাশিত: Донецк, 1966
বিষয়গুলি:
বিন্যাস: গ্রন্থ
KOHA link:https://koha.lib.tpu.ru/cgi-bin/koha/opac-detail.pl?biblionumber=139296

MARC

LEADER 00000nbm0a2200000 4500
001 139296
005 20231101220804.0
035 |a (RuTPU)RU\TPU\book\150903 
090 |a 139296 
100 |a 20080605d1966 k y0rusy50 ca 
101 0 |a rus 
102 |a RU 
105 |a a m 001zy 
200 1 |a Теоретическое и экспериментальное исследование рабочих процесов пневмодвигателей типа ПРД  |e Диссертация на соискание ученой степени кандидата технических наук  |f В. А. Кутузов  |g Институт горной механики и технической кибернетики им. М. М. Федорова ; науч. рук. Ю. Н. Попов 
210 |a Донецк  |d 1966 
215 |a 170 л.  |c ил. 
320 |a Библиогр.: с. 167-170 (46 назв.) 
610 1 |a диссертации 
610 1 |a пневмодвигатели 
610 1 |a рабочие процессы 
610 1 |a теоретические исследования 
610 1 |a экспериментальные исследования 
610 1 |a горные машины 
610 1 |a качество 
610 1 |a улучшение 
610 1 |a профили 
610 1 |a зацепления 
610 1 |a погрешности 
675 |a 622.0025-85(04)  |v 3 
700 1 |a Кутузов  |b В. А. 
702 1 |a Попов  |b Ю. Н.  |4 727 
712 0 2 |a Институт горной механики и технической кибернетики им. М. М. Федорова  |2 stltpush  |3 (RuTPU)RU\TPU\col\10926  |9 24946 
801 1 |a RU  |b 63413507  |c 20080605  |g PSBO 
801 2 |a RU  |b 63413507  |c 20080605  |g PSBO 
942 |c BK